000 00298nam a22001337a 4500
008 181005b xxu||||| |||| 00| 0 eng d
020 _a639785324324
041 _aeng
080 _a159.9
100 _a49
101 _aPSI
245 _aIntroduction to Psychology
_cWittig, A.F
942 _2udc
_cBK
999 _c48910
_d48910